书目信息 |
| 题名: |
核酸
|
|
| 作者: | 王德宝 , 祁国荣 主编 | |
| 分册: | 上册 | |
| 出版信息: | 北京 科学出版社 1986 |
|
| 页数: | 186页 | |
| 开本: | 26cm | |
| 丛书名: | 生物化学丛书 | |
| 单 册: | ||
| 中图分类: | Q52 | |
| 科图分类: | ||
| 主题词: | 核酸 | |
| 电子资源: | ||
| ISBN: | ||
| 000 | 00714nam2 2200265 45 | |
| 001 | 0186010104 | |
| 005 | 20061124092651.35 | |
| 010 | @dCNY3.00 | |
| 091 | @a13031.3511 | |
| 100 | @a19901010d1986 em y0chiy0121 ea | |
| 101 | 0 | @achi |
| 102 | @aCN@b110000 | |
| 105 | @ay z 000yy | |
| 200 | 10 | @a核酸@Ahe suan@e结构、功能与合成@h上册@f王德宝, 祁国荣主编@FWang De Bao,Qi Guo Rong Zhu Bian |
| 210 | @a北京@c科学出版社@d1986 | |
| 215 | @a186页@d26cm | |
| 225 | 2 | @a生物化学丛书 |
| 410 | 0 | @120010@a生物化学丛书 |
| 606 | @a核酸 | |
| 690 | @aQ52@v3 | |
| 701 | 0 | @a王德宝@4主编 |
| 701 | 0 | @a祁国荣@4主编 |
| 801 | 0 | @aCN@b深圳图书馆@c20061124 |
| 801 | 2 | @aCN@bNLC@c20041224 |
| 905 | @f1@b166647@dQ52@e36:1 | |
| 核酸:结构、功能与合成.上册/王德宝, 祁国荣主编.-北京:科学出版社,1986 |
| 186页;26cm.-(生物化学丛书) |
| ISBN :CNY3.00 |
| ● |
| 相关链接 |
|
|
|
|
正题名:核酸
索取号:Q52/36:1
 
预约/预借
| 序号 | 登录号 | 条形码 | 馆藏地/架位号 | 状态 | 备注 |
| 1 | 0166647 | 001971129 | 第三借阅区/ [索取号:Q52/36:1] | 在馆 | |
| 2 | 0166648 | 202450597 | 第二样本阅览室/ [索取号:Q52/36:1] | 在馆 |